Contribution à l'étude de la force majeure.

Guardat en:
Dades bibliogràfiques
Autor principal: Antonmattei, Paul-Henri (auteur)
Altres autors: Teyssié, Bernard (préface)
Format: Llibre
Publicat: Paris, France: Librairie Générale de droit et de Jurisprudence, 1992.
Col·lecció:Bibliothèque de Droit Privé
Matèries:
Etiquetes: Afegir etiqueta
Sense etiquetes, Sigues el primer a etiquetar aquest registre!

MARC

LEADER 00000nam a22000007a 4500
003 CL-VaPUC
005 20231128155741.0
008 231113t1992 ||||| |||| 00| 0 eng d
999 |c 442532  |d 442530 
020 |a 2-275-00574-9 
022 |a 0520-0261 
040 |c Pontificia Universidad Católica de Valparaíso 
082 0 4 |2 22  |a 346.44022 ANT 1992 
100 1 |a Antonmattei, Paul-Henri  |e auteur  |9 885776 
245 1 0 |a Contribution à l'étude de la force majeure. 
260 |a Paris, France:  |b Librairie Générale de droit et de Jurisprudence,  |c 1992. 
300 |a 315 páginas. 
490 0 |a Bibliothèque de Droit Privé  |n  t. 220. 
500 |a c.1 Donación Jorge López Santa María. Memo DER N° 044/2023 
583 |c 20231113  |k Catalogador Asistente 
650 1 |a Fuerza mayor  |x Derecho civil francés  |9 886141 
650 1 |a Imposibilidad de cumplimiento  |z Francia  |9 886142 
650 1 |a Responsabilidad contractual  |9 256720 
650 1 |a Derecho de obligaciones  |z Francia  |9 886143 
650 1 |a Derecho contractual  |z Francia  |9 885941 
700 |a Teyssié, Bernard  |e préface  |9 885777 
942 |2 ddc  |c BK 
952 |0 0  |1 0  |2 ddc  |4 0  |6 346_440220000000000_ANT_1992  |7 0  |8 A  |9 592523  |a BIBDER  |b BIBDER  |c GEN  |d 2023-11-16  |e Donación  |i 5659517  |o 346.44022 ANT 1992  |p 5659517  |r 2023-11-16  |t 1  |w 2023-11-16  |y BK  |k DER